Kraje najbliżej Australii - Jedna Minuta Sprint - Statystyki

Ogólne statystyki
  • Ten quiz został rozwiązany 80 razy
  • Średni wynik to 11 z 20
Statystyki odpowiedzi
km kraj % Poprawnych
1303 Nowa Zelandia
95%
123 Indonezja
82%
4 Papua-Nowa Gwinea
80%
2591 Fidzi
73%
1744 Vanuatu
61%
1995 Palau
56%
3199 Tuvalu
56%
2250 Malezja
55%
1778 Mikronezja
55%
3266 Wyspy Marshalla
55%
2863 Nauru
52%
461 Timor-Leste
52%
3228 Tonga
50%
1391 Wyspy Salomona
50%
1920 Filipiny
48%
3086 Kiribati
47%
2798 Singapur
44%
3391 Tajlandia
35%
3413 Wietnam
35%
2402 Brunei
32%
Nie znaleziono quizów pasujących do podanych kryteriów
Rozkład punktacji
Procent ludzi z każdym wynikiem
Percentyl według liczby udzielonych odpowiedzi
Twoja historia wyników
Nie rozwiązałeś tego quizu